00357pab a2200133 454500008004000000100002000040245005600060260000900116300001000125362001300135650004000148700002400188773001100212180718b1988 xxu||||| |||| 00| 0 eng d aNarasinhulu, K. aRole of irrigation in agriculture in Andhra Pradesh c1988 a16-21 a16 Sept. aIrrigation - India - Andhra Pradesh aA. Rama Mohan Reddy aYojana